| 000 | 02015nam0a2200373 4500 | ||
|---|---|---|---|
| 001 | RU\NLR\bibl\729038 | ||
| 005 | 20260407075106.0 | ||
| 010 |
_a5-7621-0265-3 _91000 |
||
| 021 |
_aRU _b2004-59858 _92948 |
||
| 035 | _a(NLR Aleph) 000719016 | ||
| 090 |
_a691090 _c691090 |
||
| 100 | _a20050224d2004 |||y0rusy50 ca | ||
| 101 | 0 | _arus | |
| 102 | _aRU | ||
| 105 | _ay ||||||||| | ||
| 200 | 1 |
_aХудожественный рынок _eвопросы теории, истории, методологии _f[А.В. Карпов, доц., канд. культурологии, Т.Е. Шехтер, д.филос.н., проф., С.М. Грачева, к.иск., доц. и др. _gНауч. ред.: Т.Е. Шехтер, д.филос.н., проф.] _gСанкт-Петерб. гуманит. ун-т профсоюзов |
|
| 210 |
_aСПб. _cСПбГУП _d2004 |
||
| 215 |
_a228, [1] с. _d20 |
||
| 225 | 1 |
_aСерия "Новое в гуманитарных науках" _vВып. 13 |
|
| 320 | _aБиблиогр.: с. 225-227 и в подстроч. примеч. | ||
| 606 | 0 |
_aПроизведения искусства _xТорговля _91276249 _3RU\NLR\auth\66525909 |
|
| 686 | _aЩ101.1 | ||
| 701 | 1 |
_4070 _8rus _7ca _aКарпов _bА. В. _cканд. культурологии _gАлександр Владимирович _3RU\NLR\auth\7743221 _926164 |
|
| 701 | 1 |
_aШехтер _bТ. Е. _gТатьяна Ефимовна _4070 |
|
| 701 | 1 |
_4070 _7ca _8rus _aГрачева _bС. М. _cд-р искусствоведения _gСветлана Михайловна _9154600 _3RU\NLR\AUTH\770154638 |
|
| 702 | 1 |
_aШехтер _bТ. Е. _gТатьяна Ефимовна _4340 |
|
| 712 | 0 | 2 |
_4570 _aСанкт-Петербургский гуманитарный университет профсоюзов _3RU\NLR\AUTH\884042 _9279435 |
| 801 | 0 |
_aRU _bNLR _c20050224 _grcr |
|
| 801 | 1 |
_aRU _bNLR _c20050224 |
|
| 830 | _aавт. по кн. | ||
| 942 | _cBOOK | ||
| 980 | _aNB | ||